00298pab a2200121 454500008004000000100002700040245003100067260000900098300001300107362001100120650002500131773002000156180718b2010 xxu||||| |||| 00| 0 eng d aAreekkuzhiyil, Santosh aFrom pedagogy to andragogy c2010 ap.21-23. a11 Oct aEducational sciences aUniversity News